000 00596nam a2200193Ia 4500
003 GCL
008 140319s9999 xx 000 0 ara d
040 _aGCL /
_cGCL
082 0 4 _a247.99
_bن س
100 1 _aنادية حسنى صقر
245 1 0 _aالسبئية اخطر الحركات الهدامة فى صدر الاسلام /
_cنادية حسنى صقر
260 _a[S.N] :
_bمكتبة النهضة المصرية ،
_c1991
300 _a113 ص
490 _a
650 0 4 _aتاريخ
650 0 4 _aالاسلام
650 0 4 _aالطرق الاسلامية
942 _2ddc
_cBK
999 _c30464
_d30464